Mathew Arnold Writers Of The Dony I William Blackwood (Record no. 3480)
[ view plain ]
| 000 -LEADER | |
|---|---|
| fixed length control field | 00402nam a2200133Ia 4500 |
| 008 - FIXED-LENGTH DATA ELEMENTS--GENERAL INFORMATION | |
| fixed length control field | 211109s9999||||xx |||||||||||||| ||und|| |
| 082 ## - DEWEY DECIMAL CLASSIFICATION NUMBER | |
| Classification number | 821 |
| Item number | SAI-M |
| 100 ## - MAIN ENTRY--PERSONAL NAME | |
| Personal name | Saintsbury, George, |
| 245 #0 - TITLE STATEMENT | |
| Title | Mathew Arnold Writers Of The Dony I William Blackwood |
| 260 ## - PUBLICATION, DISTRIBUTION, ETC. | |
| Name of publisher, distributor, etc. | NATIONAL BOOKSTALL |
| Place of publication, distribution, etc. | Kottayam |
| Date of publication, distribution, etc. | 1902 |
| 630 ## - SUBJECT ADDED ENTRY--UNIFORM TITLE | |
| General subdivision | General Stack |
| 650 ## - SUBJECT ADDED ENTRY--TOPICAL TERM | |
| Topical term or geographic name entry element | English Literature |
| 942 ## - ADDED ENTRY ELEMENTS (KOHA) | |
| Koha item type | BOOK |
| 650 ## - SUBJECT ADDED ENTRY--TOPICAL TERM | |
| Form subdivision | English Poetry |
| General subdivision | English |
| Withdrawn status | Lost status | Damaged status | Not for loan | Home library | Current library | Date acquired | Total Checkouts | Full call number | Barcode | Shelving location | Date last seen | Price effective from | Koha item type |
|---|---|---|---|---|---|---|---|---|---|---|---|---|---|
| SB LIBRARY | SB LIBRARY | 09/11/2021 | 821 SAI-M | 00003821 | GENERAL STACK | 09/11/2021 | 09/11/2021 | BOOK |